|
|
|
|
| LEADER |
00896nam a2200253 a 4500 |
| 001 |
00025019 |
| 008 |
120417s2009 nyu b 001 0 eng |
| 020 |
|
|
|a 1430219424
|
| 020 |
|
|
|a 9781430219422
|
| 040 |
|
|
|a BD-DhAAL
|c BD-DhAAL
|
| 082 |
0 |
4 |
|a 005.1
|2 22
|
| 100 |
1 |
|
|a Venner, Jason.
|
| 245 |
1 |
0 |
|a Pro hadoop /
|c Jason Venner.
|
| 250 |
|
|
|a 1st ed.
|
| 260 |
|
|
|a New York, NY :
|b Apress,
|c 2009.
|
| 300 |
|
|
|a xxvii, 407 p. ;
|c 23 cm.
|
| 490 |
0 |
|
|a The expert's voice in open source
|
| 504 |
|
|
|a Includes bibliographical references and index.
|
| 541 |
|
|
|e 00025019
|
| 650 |
|
0 |
|a Computer Science
|
| 650 |
|
0 |
|a Software engineering.
|
| 852 |
1 |
|
|a Ayesha Abed Library
|c General shelf.
|
| 999 |
|
|
|c 12086
|d 12086
|
| 952 |
|
|
|0 0
|1 0
|2 ddc
|4 0
|6 005_100000000000000_VEN
|7 0
|9 20054
|a BRACUL
|b BRACUL
|c GEN
|d 2012-04-17
|e karim International
|g 3400.00
|l 5
|m 42
|o 005.1 VEN
|p 3010025019
|r 2023-09-24
|s 2023-02-02
|t 1
|w 2012-04-19
|y BK
|